• 首页
  • 本馆介绍
  • 公告通知
  • 最新文献
  • 馆藏检索
  • 电子资源
  • 读者导购
  • 参考咨询
  • 我的图书馆
  • 登录
  • 详细信息显示
  • 放入我的书架
  • 预约/预借图书
  • 作者相关作品
  • 分类相关作品
  • 丛书相关作品
  • 出版社相关作品

书目信息

  • 表格格式
  • 工作单格式
  • 卡片格式
题名:
第一国际和巴黎公社
    
 
作者: 伊·阿·巴赫 主编 ;杭州大学外语系俄语翻
分册:  
出版信息: 上海   三联书店  1978.03
页数: 391页
开本: 20cm
丛书名:
单 册:
中图分类: K142
科图分类:
主题词: 世界史:近代史
电子资源:
ISBN:
000 00601nam0 2200193 45
001 0312221749
005 20060728170258.03
010    @dCNY
100    @a20031222d1978 km y0chiy0120 ea
101    @achi
200 1  @a第一国际和巴黎公社@ADi Yi Guo Ji He Ba Li Gong She@f(苏)伊·阿·巴赫主编@F(Su)Yi·A·Ba He Zhu Bian@g杭州大学外语系俄语翻@e文件资料
210    @a上海@c三联书店@d1978.03
215    @a391页@d20cm
606 0  @a世界史:近代史
690    @aK142@v3
701 0  @a伊·阿·巴赫@4主编
702 0  @a杭州大学外语系俄语翻
801    @aCN@bTSTCL@c20060728
905    @a213230@dK142@e62:1@b179877-878@f2
    
    第一国际和巴黎公社/(苏)伊·阿·巴赫主编/杭州大学外语系俄语翻:文件资料.-上海:三联书店,1978.03
    391页;20cm
    
    
    ISBN :CNY
    
●
相关链接 在E读中查询图书 在五车中查询图书 在当当中查询图书 在豆瓣中查询图书


正题名:第一国际和巴黎公社     索取号:K142/62:1         预约/预借

序号 登录号 条形码 馆藏地/架位号 状态 备注
1 0179877   001790262   密集书库/ [索取号:K142/62:1] 在馆    
2 0179878   001220182   第二样本阅览室/ [索取号:K142/62:1] 在馆    
3 0443789   204437895   密集书库/ [索取号:K142/62:1] 在馆    
唐山师范学院图书馆 欢迎您!
大连网信软件有限公司© 版权所有